000 00658nam a2200181Ia 4500
008 100921s9999 xx 000 0 und d
082 _b6643
_a923.2 थ 82
100 _aदेशमुख वसंत.
245 _aसरकारी दिवस.
260 _bमुक्ता प्रकाशन,मुंबई.
_c1982
300 _a311
_b---
365 _b39
520 _aचरित्रे-राजकारणी व्यिक्त.
630 _aसरकारी दिवस.
650 _aचरित्रे-राजकारणी व्यिक्त.
730 _aसरकारी दिवस.
942 _cBOOK
999 _c755756
_d755753